Εγχειρίδιο C++ με παραδείγματα

Αποθηκεύτηκε σε:
Λεπτομέρειες βιβλιογραφικής εγγραφής
Κύριος συγγραφέας: Perry, Greg M.
Άλλοι συγγραφείς: Σαμαράς, Γιάννης Β. (Μεταφραστής)
Μορφή: Βιβλίο
Γλώσσα:Greek
English
Δημοσίευση: Αθήνα : Γκιούρδας , 1993.
Θέματα:
Ετικέτες: Προσθήκη ετικέτας
Δεν υπάρχουν, Καταχωρήστε ετικέτα πρώτοι!

MARC

LEADER 00000cam a2200000 i 4500
001 1/65358
008 980821s1993 gr | ||| |||| ||gre||
020 |a 1565290380 
035 |l 10029616 
040 |a GR-MyUa  |b gre  |e AACR2 
041 1 |a gre  |h eng 
082 7 |a 005.133   |2 (22) 
100 1 |a Perry, Greg M. 
245 1 0 |a Εγχειρίδιο C++ με παραδείγματα /   |c Greg Perry ; απόδοση: Γιάννης Β.Σαμαράς.  
260 |a Αθήνα :   |b Γκιούρδας ,   |c 1993.  
300 |a xxii, 783 σ. ;   |c 23 εκ. 
500 |a Μετάφραση του: C++ by example, 1st. ed., 1992. 
500 |a Περιλαμβάνει ευρετήριο. 
650 0 0 |a C++ (Computer program language) 
700 1 |a Σαμαράς, Γιάννης Β.  |e trl 
852 |a INST  |b CHIOS  |e 19980821  |h 005.133 PER  |p 005200015806  |q 005200015806  |t BK  |y 0 
901 |a BIBL-1998-2 
922 |a 2ΕΛΗ  |b 199807  |c ΒΑΛΙΡΗΣ  |d EMVASIS